Cours de chimie organique. (Record no. 11534)
[ view plain ]
| 000 -LEADER | |
|---|---|
| fixed length control field | 00349cam a2200133u 4500 |
| 040 ## - CATALOGING SOURCE | |
| Transcribing agency | CarP |
| 082 ## - DEWEY DECIMAL CLASSIFICATION NUMBER | |
| Classification number | 547 GAU 1964 A030 Or. |
| 100 1# - MAIN ENTRY--AUTHOR NAME | |
| Personal name | Arnaud, Paul. [from old catalog] |
| 245 10 - TITLE STATEMENT | |
| Title | Cours de chimie organique. |
| 260 ## - PUBLICATION, DISTRIBUTION, ETC. (IMPRINT) | |
| Place of publication | Paris, |
| Name of publisher | Gauthier-Villars, |
| Year of publication | 1964. |
| 300 ## - PHYSICAL DESCRIPTION | |
| Number of Pages | 327 p. |
| Other physical details | illus. |
| Dimensions | 24 cm. |
| 650 #0 - SUBJECT ADDED ENTRY--TOPICAL TERM | |
| Topical Term | Chemistry, Organic. |
| 942 ## - ADDED ENTRY ELEMENTS (KOHA) | |
| Koha item type | សៀវភៅភាសាបារាំង |
| 952 ## - LOCATION AND ITEM INFORMATION (KOHA) | |
| Withdrawn status [LOCAL, KOHA] | 0 |
| Permanent Location | Date acquired | Koha item type | Lost status | Shelving location | Barcode | Current Location | Full call number |
|---|---|---|---|---|---|---|---|
| Library Block A | 2017-08-03 | សៀវភៅភាសាបារាំង | A030 | A26156 | Library Block A | 547 GAU 1964 A030 Or. |